Research Methods in the Social Sciences (Record no. 7196)

MARC details
000 -LEADER
fixed length control field 00590nam a22002057a 4500
003 - CONTROL NUMBER IDENTIFIER
control field OSt
005 - DATE AND TIME OF LATEST TRANSACTION
control field 20240409155019.0
008 - FIXED-LENGTH DATA ELEMENTS--GENERAL INFORMATION
fixed length control field 210909b ||||| |||| 00| 0 eng d
020 ## - INTERNATIONAL STANDARD BOOK NUMBER
International Standard Book Number 1572597941
040 ## - CATALOGING SOURCE
Transcribing agency DDC
082 ## - DEWEY DECIMAL CLASSIFICATION NUMBER
Classification number 001.42 FRA 2000
100 ## - MAIN ENTRY--PERSONAL NAME
Personal name Frankfort-Nachmias, Chava; Nachmias, David
9 (RLIN) 14798
245 ## - TITLE STATEMENT
Title Research Methods in the Social Sciences
250 ## - EDITION STATEMENT
Edition statement 6TH ED.
260 ## - PUBLICATION, DISTRIBUTION, ETC. (IMPRINT)
Place of publication, distribution, etc. New York;
Name of publisher, distributor, etc. Worth publishers,
Date of publication, distribution, etc. 2000
300 ## - PHYSICAL DESCRIPTION
Extent xxi, 550p;
Other physical details ill:
Dimensions 24cm
504 ## - BIBLIOGRAPHY, ETC. NOTE
Bibliography, etc Appendices, glossary & indices included
650 ## - SUBJECT ADDED ENTRY--TOPICAL TERM
Topical term or geographic name as entry element Research methods
9 (RLIN) 2296
942 ## - ADDED ENTRY ELEMENTS (KOHA)
Source of classification or shelving scheme Dewey Decimal Classification
Koha item type Open Shelf
Holdings
Withdrawn status Lost status Source of classification or shelving scheme Damaged status Not for loan Home library Current library Date acquired Source of acquisition Inventory number Total Checkouts Full call number Barcode Date last seen Price effective from Koha item type
    Dewey Decimal Classification     MUST Main Library MUST Main Library 09/04/2024 Purchase 21/41625   001.42 FRA 2000 2024-0123 09/04/2024 09/04/2024 Open Shelf